Who stole the cookies? / (Record no. 2322)

MARC details
000 -LEADER
fixed length control field 00835pam a2200277 a 4500
005 - DATE AND TIME OF LATEST TRANSACTION
control field 20260114103743.0
020 ## - INTERNATIONAL STANDARD BOOK NUMBER
International Standard Book Number 044841127X
020 ## - INTERNATIONAL STANDARD BOOK NUMBER
International Standard Book Number 070918003998
040 ## - CATALOGING SOURCE
Original cataloging agency DLC
Transcribing agency DLC
Modifying agency DLC
Language of cataloging eng
050 00 - LIBRARY OF CONGRESS CALL NUMBER
Classification number PZ8.3.M716
Item number Wh 1996
082 00 - DEWEY DECIMAL CLASSIFICATION NUMBER
Classification number 430
Edition number 20
100 1# - MAIN ENTRY--PERSONAL NAME
Personal name Moffatt, Judith
245 10 - TITLE STATEMENT
Title Who stole the cookies? /
Statement of responsibility, etc. by Judith Moffatt.
260 ## - PUBLICATION, DISTRIBUTION, ETC.
Place of publication, distribution, etc. New York :
Name of publisher, distributor, etc. Grosset & Dunlap
Date of publication, distribution, etc. 1996
300 ## - PHYSICAL DESCRIPTION
Extent 29 unnumbered pages :
Other physical details Illustrations
Dimensions 23 cm
505 ## - FORMATTED CONTENTS NOTE
Formatted contents note E<br/>
520 ## - SUMMARY, ETC.
Summary, etc. Each in a series of animals denies taking the cookies, but the true thief turns up in a cave.
521 ## - TARGET AUDIENCE NOTE
Target audience note 270 <br/>
Source Lexile<br/>
521 ## - TARGET AUDIENCE NOTE
Target audience note E<br/>
Source Raz-Plus<br/>
650 #1 - SUBJECT ADDED ENTRY--TOPICAL TERM
Topical term or geographic name entry element Cookies
General subdivision Fiction.
650 #1 - SUBJECT ADDED ENTRY--TOPICAL TERM
Topical term or geographic name entry element Animals
General subdivision Fiction.
650 #1 - SUBJECT ADDED ENTRY--TOPICAL TERM
Topical term or geographic name entry element Stories in rhyme.
906 ## - LOCAL DATA ELEMENT F, LDF (RLIN)
a 7
b cbc
c orignew
d 1
e ocip
f 19
g y-gencatlg
942 ## - ADDED ENTRY ELEMENTS (KOHA)
Source of classification or shelving scheme Dewey Decimal Classification
Koha item type Books
Suppress in OPAC No
999 ## -
-- 2322
-- 2322
Holdings
Withdrawn status Lost status Source of classification or shelving scheme Damaged status Not for loan Collection Home library Current library Shelving location Date acquired Total Checkouts Full call number Barcode Date last seen Price effective from Koha item type Copy number
    Dewey Decimal Classification     Juvenile Fiction Footprints International School Library Network Toul Kork Campus Footprints International School Library Network Toul Kork Campus TK Primary Library Room(4th Floor), Bookcase 7, Shelves 57-60, Dark Green Books 11/16/2023   MOF 430 PZ8.3.M716 FISTK00697 08/12/2024 11/16/2023 Books  
    Dewey Decimal Classification     Juvenile Fiction Footprints International School Library Network Toul Kork Campus Footprints International School Library Network Toul Kork Campus TK Primary Library Room(4th Floor), Bookcase 7, Shelves 57-60, Dark Green Books 11/19/2024   MOF 430 PZ8.3.M716 2024-2328 11/19/2024 11/19/2024 Books 2
    Dewey Decimal Classification     Juvenile Fiction Footprints International School Library Network Toul Tom Poung Campus Footprints International School Library Network Toul Tom Poung Campus TTP Primary Green Bookshelves 06/24/2025   MOF 430 PZ8.3.M716 FIS02820 06/24/2025 06/24/2025 Books 3
    Dewey Decimal Classification     Juvenile Fiction Footprints International School Library Network Toul Tom Poung Campus Footprints International School Library Network Toul Tom Poung Campus TTP Primary Green Bookshelves 07/17/2025   MOF 430 PZ8.3.M716 FIS00420 07/17/2025 07/17/2025 Books 4